Giáo trình lí luận văn học

Nghiên cứu chung về văn học. Phương thức tồn tại của văn học, văn bản, tác phẩm và một số đặc trưng của văn học như: ngôn từ, nghệ thuật, cốt truyện, nhân vật, kết cấu, nội dung, ý nghĩa cùng những thể loại tác phẩm văn học gồm tho...

Description complète

Enregistré dans:
Détails bibliographiques
Auteur principal: Trần, Đình Sử
Format: Livre
Langue:Undetermined
Publié: Hà Nội Nxb. Đại học Sư Phạm 2015
Sujets:
Tags: Ajouter un tag
Pas de tags, Soyez le premier à ajouter un tag!
Thư viện lưu trữ: Trung tâm Học liệu Trường Đại học Cần Thơ
LEADER 01092nam a2200217Ia 4500
001 CTU_224134
008 210402s9999 xx 000 0 und d
020 |c 69000 
082 |a 801.95 
082 |b S550 
100 |a Trần, Đình Sử 
245 0 |a Giáo trình lí luận văn học 
245 0 |c Trần Đình Sử (Chủ biên) 
260 |a Hà Nội 
260 |b Nxb. Đại học Sư Phạm 
260 |c 2015 
520 |a Nghiên cứu chung về văn học. Phương thức tồn tại của văn học, văn bản, tác phẩm và một số đặc trưng của văn học như: ngôn từ, nghệ thuật, cốt truyện, nhân vật, kết cấu, nội dung, ý nghĩa cùng những thể loại tác phẩm văn học gồm thơ, truyện, tiểu thuyết, kịch, kí, chính luận... 
650 |a Literature,Văn học 
650 |x History and criticism,Lý luận và phê sình 
910 |a Tuyến 
980 |a Trung tâm Học liệu Trường Đại học Cần Thơ